Loading...
| Philosophy | 5 | 3 | 2 | 0 | 95 | 17 | 62.50 | 4 | 8 | 37.67 | 62.50 |
| History - Ancient/Other | 2 | 4 | 0 | 1 | 70 | 30 | 72.33 | 2 | 4 | 27.61 | 47.22 |
| Fine Arts - Painting and Sculpture | 1 | 4 | 1 | 1 | 50 | 23 | 71.60 | 1 | 2 | 21.69 | 27.27 |
| Fine Arts - Classical Music | 2 | 1 | 0 | 0 | 40 | 9 | 51.33 | 2 | 3 | 16.59 | 23.86 |
| Literature - American | 1 | 3 | 1 | 0 | 40 | 47 | 95.00 | 2 | 3 | 11.75 | 29.55 |
| Social Science | 1 | 3 | 2 | 1 | 35 | 49 | 80.25 | 2 | 3 | 12.81 | 26.14 |
| Literature - European | 1 | 3 | 2 | 1 | 35 | 71 | 107.50 | 1 | 3 | 9.92 | 29.55 |
| Religion | 2 | 2 | 3 | 1 | 35 | 36 | 82.75 | 1 | 2 | 15.24 | 21.59 |
| History - World | 1 | 2 | 1 | 0 | 30 | 13 | 54.33 | 1 | 2 | 14.71 | 21.59 |
| History - American | 0 | 4 | 2 | 1 | 30 | 79 | 93.25 | 0 | 2 | 9.41 | 19.32 |
| Literature - British | 1 | 2 | 1 | 1 | 30 | 66 | 89.67 | 0 | 3 | 9.42 | 22.73 |
| Mythology | 1 | 3 | 3 | 2 | 30 | 58 | 93.50 | 0 | 1 | 12.11 | 19.32 |
| Geography | 1 | 2 | 1 | 1 | 30 | 51 | 90.33 | 1 | 3 | 17.34 | 40.00 |
| History - European | 0 | 3 | 0 | 1 | 30 | 90 | 103.33 | 1 | 2 | 4.73 | 18.18 |
| Science - Other | 1 | 1 | 0 | 1 | 25 | 29 | 72.50 | 1 | 1 | 8.15 | 13.75 |
| Fine Arts - Other | 0 | 2 | 0 | 1 | 20 | 68 | 100.50 | 0 | 1 | 4.33 | 10.23 |
| Science - Physics | 1 | 0 | 0 | 0 | 15 | 46 | 46.00 | 0 | 1 | 5.58 | 7.95 |
| Science - Biology | 1 | 1 | 2 | 1 | 15 | 51 | 81.50 | 2 | 2 | 5.17 | 18.18 |
| Science - Chemistry | 0 | 1 | 0 | 1 | 10 | 134 | 134.00 | 1 | 1 | 0.07 | 5.68 |
| Other Academic | 0 | 1 | 0 | 0 | 10 | 62 | 62.00 | 1 | 1 | 11.28 | 25.00 |
| Literature - World | 0 | 1 | 0 | 0 | 10 | 77 | 77.00 | 0 | 0 | 4.16 | 5.68 |
| History - Other | 0 | 0 | 1 | 0 | -5 | 0.00 | 0 | 0 | 0.00 | 0.00 |